Central America Report /
שמור ב:
| פורמט: | ספר |
|---|---|
| שפה: | Spanish |
| יצא לאור: |
Londres :
Central America Human Rights Committee,
|
| נושאים: | |
| תגים: |
הוספת תג
אין תגיות, היה/י הראשונ/ה לתייג את הרשומה!
|
MARC
| LEADER | 00000nam a22000007a 4500 | ||
|---|---|---|---|
| 003 | cru CIDCACS/IIS | ||
| 005 | 20231129112104.0 | ||
| 007 | ta | ||
| 008 | 231129b |||||||| |||| 00| 0 spa d | ||
| 040 | |c cru CIDCACS/IIS | ||
| 090 | |a REV1678 | ||
| 245 | |a Central America Report / |c Central America Human Rights Committee | ||
| 260 | |a Londres : |b Central America Human Rights Committee, | ||
| 500 | |a PERIODICIDAD: BIMESTRAL EXISTENCIAS: 1984 (16-19) 1985 (20-25) 1986 (26-28,30,31) 1987 (32-36) 1988 (37-39) 1989 (41,44) 1994 (62,63) | ||
| 500 | |a Colección Centroamérica | ||
| 650 | 0 | |a DERECHOS HUMANOS |9 38 |2 TESAUROS | |
| 650 | 1 | 0 | |a PAZ |9 138 |2 TESAUROS |
| 650 | 1 | 0 | |a GUERRA |9 378 |2 TESAUROS |
| 942 | |2 ddc |c PP | ||
| 999 | |c 45380 |d 45380 | ||
